[Event "DEN-chT XtraCon 2018-19"]
[Site "Denmark"]
[Date "2018.10.27"]
[Round "1"]
[White "Sorensen, Jan"]
[Black "Kristensen, Bjarke Hautop"]
[Result "0-1"]
[WhiteElo "2406"]
[BlackElo "2207"]
[Annotator "NA"]
[PlyCount "152"]
[EventDate "2018.10.27"]
[EventType "team-tourn"]
[EventCountry "DEN"]
[SourceTitle "playchess.com"]
[Source "ChessBase"]
[SourceQuality "1"]
[TimeControl "40/5400+30:1800+30"]

1. d4 {[%emt 0:00:00]} Nf6 {[%emt 0:00:00]} 2. Bg5 {[%emt 0:00:00]} d5 {[%emt 0:00:00]} 3. Bxf6 {[%emt 0:00:12]} exf6 {[%emt 0:00:16]} 4. e3 {[%emt 0:00:18]} Be6 {[%emt 0:02:31]} 5. g3 {[%emt 0:00:59]} Bd6 {[%emt 0:00:38]} 6. Bg2 {[%emt 0:00:08]} c6 {[%emt 0:00:04]} 7. Ne2 {[%emt 0:00:13]} O-O {[%emt 0:00:11]} 8. O-O {[%emt 0:00:56]} Nd7 {[%emt 0:00:39]} 9. b3 {[%emt 0:01:05]} f5 {[%emt 0:01:12]} 10. Nd2 {[%emt 0:03:05]} Nf6 {[%emt 0:00:20]} 11. c4 {[%emt 0:02:04]} Ne4 {[%emt 0:00:52]} 12. Rb1 {[%emt 0:29:58]} Qd7 {[%emt 0:10:49]} 13. c5 {[%emt 0:11:17]} Bc7 {[%emt 0:02:45]} 14. b4 {[%emt 0:00:19]} b5 {[%emt 0:01:24]} 15. a4 {[%emt 0:18:46]} a6 {[%emt 0:03:11]} 16. Ra1 {[%emt 0:05:10]} h6 {[%emt 0:09:52]} 17. Qc2 {[%emt 0:00:33]} g5 {[%emt 0:01:46]} 18. Ra3 {[%emt 0:01:55]} Rae8 {[%emt 0:02:24]} 19. axb5 {[%emt 0:00:41]} axb5 {[%emt 0:00:01]} 20. Ra6 {[%emt 0:02:51]} Ra8 {[%emt 0:10:09]} 21. Rfa1 {[%emt 0:00:23]} Rxa6 {[%emt 0:00:04]} 22. Rxa6 {[%emt 0:00:02]} Re8 {[%emt 0:02:21]} 23. Nf3 {[%emt 0:01:56]} f4 {[%emt 0:16:22]} 24. exf4 {[%emt 0:05:24]} Bf5 {[%emt 0:04:52]} 25. Qc1 {[%emt 0:04:11]} f6 {[%emt 0:03:25]} 26. Ra7 {[%emt 0:02:26]} Bxf4 {[%emt 0:02:56]} 27. Rxd7 {[%emt 0:03:19]} Bxc1 {[%emt 0:00:01]} 28. Rc7 {[%emt 0:02:46]} Ba3 {[%emt 0:03:49]} 29. Rxc6 {[%emt 0:00:45]} Bxb4 {[%emt 0:01:15]} 30. h3 {[%emt 0:00:36]} Ba3 {[%emt 0:06:09]} 31. g4 {[%emt 0:00:05]} Bg6 {[%emt 0:00:24]} 32. Rb6 {[%emt 0:00:14]} b4 {[%emt 0:01:14]} 33. Ne5 fxe5 {[%emt 0:03:10]} 34. Rxg6+ {[%emt 0:02:06]} Kh7 {[%emt 0:00:03]} 35. Rb6 {[%emt 0:00:26]} exd4 {[%emt 0:00:12]} 36. Nxd4 {[%emt 0:00:25]} Nxc5 {[%emt 0:00:05]} 37. Rb5 {[%emt 0:01:43]} Re1+ {[%emt 0:03:37]} 38. Kh2 {[%emt 0:01:01]} Bb2 {[%emt 0:00:02]} 39. Nf3 {[%emt 0:00:24]} Rc1 {[%emt 0:01:10]} 40. Rxb4 {[%emt 0:00:25]} Rc2 {[%emt 0:03:27]} 41. Rb5 {[%emt 0:16:01]} Bf6 {[%emt 0:17:56]} 42. Rb6 {[%emt 0:01:33]} Ne4 {[%emt 0:00:05]} 43. Rb7+ {[%emt 0:00:20]} Kg6 {[%emt 0:00:48]} 44. Rd7 {[%emt 0:01:04]} Nc3 {[%emt 0:06:16]} 45. h4 {[%emt 0:11:40]} gxh4 {[%emt 0:00:21]} 46. Kh3 {[%emt 0:00:50]} Rxf2 {[%emt 0:01:37]} 47. Nxh4+ {[%emt 0:02:18]} Bxh4 {[%emt 0:00:26]} 48. Bxd5 {[%emt 0:00:02]} Nxd5 {[%emt 0:04:56]} 49. Rxd5 {[%emt 0:00:06]} Bf6 {[%emt 0:00:10]} 50. Rf5 {[%emt 0:00:22]} Ra2 {[%emt 0:00:20]} 51. Kg3 {[%emt 0:00:11]} Ra3+ {[%emt 0:00:21]} 52. Kg2 {[%emt 0:01:04]} Bg5 {[%emt 0:00:18]} 53. Rb5 {[%emt 0:00:14]} Bf4 {[%emt 0:02:02]} 54. Kf2 {[%emt 0:01:24]} Rg3 {[%emt 0:00:50]} 55. Ra5 {[%emt 0:00:19]} Rxg4 {[%emt 0:01:05]} 56. Kf3 {[%emt 0:00:05]} h5 {[%emt 0:00:33]} 57. Ra4 {[%emt 0:00:34]} Kf5 {[%emt 0:00:23]} 58. Ra7 {[%emt 0:00:25]} Be5 {[%emt 0:01:11]} 59. Rh7 {[%emt 0:00:14]} Kg6 {[%emt 0:00:49]} 60. Re7 {[%emt 0:00:14]} Bf6 {[%emt 0:00:04]} 61. Rb7 {[%emt 0:00:17]} Ra4 {[%emt 0:00:23]} 62. Rb5 {[%emt 0:00:13]} h4 {[%emt 0:00:30]} 63. Kg2 {[%emt 0:00:14]} Ra3 {[%emt 0:00:15]} 64. Kh2 {[%emt 0:00:44]} Bg5 {[%emt 0:00:08]} 65. Kh1 {[%emt 0:00:53]} Ra4 {[%emt 0:00:49]} 66. Kg2 {[%emt 0:00:26]} Kh5 {[%emt 0:00:01]} 67. Rb1 {[%emt 0:00:42]} Kg4 {[%emt 0:00:12]} 68. Kh1 {[%emt 0:00:14]} Ra2 {[%emt 0:01:13]} 69. Rg1+ {[%emt 0:00:07]} Kf5 {[%emt 0:00:27]} 70. Rb1 {[%emt 0:00:18]} Bf4 {[%emt 0:00:16]} 71. Rb3 {[%emt 0:01:49]} Kg4 {[%emt 0:00:24]} 72. Rb1 {[%emt 0:00:15]} Kh3 {[%emt 0:00:40]} 73. Re1 {[%emt 0:00:32]} Bg3 {[%emt 0:00:49]} 74. Rf1 {[%emt 0:00:14]} Rh2+ {[%emt 0:00:52]} 75. Kg1 {[%emt 0:00:03]} Rg2+ {[%emt 0:00:04]} 76. Kh1 {[%emt 0:00:01]} Bf2 {[%emt 0:00:13]} 0-1

[Event "DEN-chT XtraCon 2018-19"]
[Site "Denmark"]
[Date "2018.10.27"]
[Round "1"]
[White "Teplyi, Igor"]
[Black "Hansen, Sune Berg"]
[Result "1/2-1/2"]
[WhiteElo "2404"]
[BlackElo "2581"]
[Annotator "ChessBase"]
[PlyCount "76"]
[EventDate "2018.10.27"]
[EventType "team-tourn"]
[EventCountry "DEN"]
[SourceTitle "playchess.com"]
[Source "ChessBase"]
[SourceQuality "1"]
[TimeControl "40/5400+30:1800+30"]

1. d4 {[%emt 0:02:34]} Nf6 {[%emt 0:00:05]} 2. c4 {[%emt 0:00:06]} e6 {[%emt 0:00:20]} 3. Nc3 {[%emt 0:00:58]} Bb4 {[%emt 0:00:20]} 4. Qc2 {[%emt 0:00:06]} d6 {[%emt 0:01:08]} 5. Nf3 {[%emt 0:00:44]} c5 {[%emt 0:05:39]} 6. a3 {[%emt 0:06:13]} Bxc3+ {[%emt 0:04:09]} 7. Qxc3 {[%emt 0:00:07]} cxd4 {[%emt 0:00:51]} 8. Qxd4 {[%emt 0:05:37]} Nc6 {[%emt 0:03:20]} 9. Qd1 {[%emt 0:00:44]} O-O {[%emt 0:03:22]} 10. e3 {[%emt 0:00:40]} a5 {[%emt 0:02:08]} 11. Be2 {[%emt 0:03:29]} e5 {[%emt 0:01:02]} 12. O-O {[%emt 0:00:50]} Bf5 {[%emt 0:03:35]} 13. b3 {[%emt 0:04:27]} Qe7 {[%emt 0:05:25]} 14. Bb2 {[%emt 0:02:15]} Rfd8 {[%emt 0:09:36]} 15. Qe1 {[%emt 0:07:13]} Nd7 {[%emt 0:07:09]} 16. b4 {[%emt 0:08:57]} Rdc8 {[%emt 0:03:20]} 17. Bc3 {[%emt 0:14:56]} Nb6 {[%emt 0:05:02]} 18. c5 {[%emt 0:25:48]} axb4 {[%emt 0:02:40]} 19. cxd6 {[%emt 0:02:36]} Qxd6 {[%emt 0:01:34]} 20. axb4 {[%emt 0:00:07]} f6 {[%emt 0:03:48]} 21. b5 {[%emt 0:00:29]} Ne7 {[%emt 0:02:39]} 22. Rxa8 {[%emt 0:00:21]} Rxa8 {[%emt 0:00:50]} 23. Bb4 {[%emt 0:00:32]} Qd7 {[%emt 0:03:07]} 24. Bc5 {[%emt 0:04:35]} Ned5 {[%emt 0:08:01]} 25. Nh4 {[%emt 0:01:33]} Na4 {[%emt 0:04:21]} 26. Nxf5 {[%emt 0:01:11]} Nxc5 {[%emt 0:02:00]} 27. Bc4 {[%emt 0:00:58]} Kh8 {[%emt 0:00:36]} 28. Qd2 {[%emt 0:03:25]} Rd8 {[%emt 0:03:25]} 29. Qxd5 {[%emt 0:00:56]} Qxd5 {[%emt 0:00:05]} 30. Bxd5 {[%emt 0:00:03]} Rxd5 {[%emt 0:00:14]} 31. Ra1 {[%emt 0:00:30]} h6 {[%emt 0:01:30]} 32. h4 {[%emt 0:00:09]} h5 {[%emt 0:00:49]} 33. Ra8+ {[%emt 0:00:32]} Kh7 {[%emt 0:05:55]} 34. Rc8 {[%emt 0:00:04]} b6 {[%emt 0:01:41]} 35. Rc6 {[%emt 0:00:20]} Nd7 {[%emt 0:02:15]} 36. Rd6 {[%emt 0:00:29]} Rxd6 {[%emt 0:00:23]} 37. Nxd6 {[%emt 0:00:05]} Kg6 {[%emt 0:00:19]} 38. e4 {[%emt 0:00:14]} Nc5 {[%emt 0:00:23]} 1/2-1/2

[Event "DEN-chT XtraCon 2018-19"]
[Site "Denmark"]
[Date "2018.10.27"]
[Round "1"]
[White "Percivaldi, Martin"]
[Black "Petersen, Steen"]
[Result "1-0"]
[WhiteElo "2390"]
[BlackElo "2131"]
[Annotator "NA"]
[PlyCount "59"]
[EventDate "2018.10.27"]
[EventType "team-tourn"]
[EventCountry "DEN"]
[SourceTitle "playchess.com"]
[Source "ChessBase"]
[SourceQuality "1"]
[TimeControl "40/5400+30:1800+30"]

1. Nf3 {[%emt 0:00:00]} d5 {[%emt 0:00:00]} 2. g3 {[%emt 0:00:00]} Bg4 {[%emt 0:00:14]} 3. Bg2 {[%emt 0:00:00]} Nd7 {[%emt 0:00:24]} 4. h3 {[%emt 0:00:28]} Bh5 {[%emt 0:01:00]} 5. d3 {[%emt 0:00:33]} c6 {[%emt 0:05:05]} 6. O-O {[%emt 0:00:46]} e5 {[%emt 0:07:01]} 7. Nbd2 {[%emt 0:00:19]} Bc5 {[%emt 0:01:22]} 8. e4 {[%emt 0:01:13]} f6 {[%emt 0:00:58]} 9. c3 {[%emt 0:04:30]} Bb6 {[%emt 0:07:19]} 10. d4 {[%emt 0:10:41]} Ne7 {[%emt 0:08:05]} 11. g4 {[%emt 0:10:03]} Bg6 {[%emt 0:07:02]} 12. Qe2 {[%emt 0:04:05]} Qc7 {[%emt 0:10:32]} 13. dxe5 {[%emt 0:16:33]} O-O-O {[%emt 0:05:05]} 14. Nd4 {[%emt 0:04:36]} Bxd4 {[%emt 0:07:18]} 15. cxd4 {[%emt 0:00:08]} fxe5 {[%emt 0:00:05]} 16. dxe5 {[%emt 0:01:45]} dxe4 {[%emt 0:01:48]} 17. Nxe4 {[%emt 0:09:44]} Nxe5 {[%emt 0:11:26]} 18. Bf4 {[%emt 0:01:26]} Nd5 {[%emt 0:00:02]} 19. Bg3 {[%emt 0:00:21]} Qe7 {[%emt 0:00:50]} 20. Rae1 {[%emt 0:07:45]} Rhe8 {[%emt 0:06:19]} 21. f4 {[%emt 0:01:10]} Bxe4 {[%emt 0:00:12]} 22. Qxe4 {[%emt 0:00:43]} Ng6 {[%emt 0:02:12]} 23. Qd4 {[%emt 0:06:01]} Qb4 {[%emt 0:03:13]} 24. Qxa7 {[%emt 0:02:58]} Rxe1 {[%emt 0:05:47]} 25. Bxe1 {[%emt 0:01:19]} Qxb2 {[%emt 0:03:01]} 26. Ba5 {[%emt 0:00:26]} Re8 {[%emt 0:00:02]} 27. Bxd5 {[%emt 0:00:40]} cxd5 {[%emt 0:01:38]} 28. Qc5+ {[%emt 0:00:07]} Kb8 {[%emt 0:01:00]} 29. Bc7+ {[%emt 0:00:08]} Ka8 {[%emt 0:00:08]} 30. Qa5# {[%emt 0:00:08]} 1-0

[Event "DEN-chT XtraCon 2018-19"]
[Site "Denmark"]
[Date "2018.10.27"]
[Round "1"]
[White "Aabling-Thomsen, Jakob"]
[Black "Hammer, Jon Ludvig"]
[Result "0-1"]
[WhiteElo "2388"]
[BlackElo "2662"]
[Annotator "TA"]
[PlyCount "60"]
[EventDate "2018.10.27"]
[EventType "team-tourn"]
[EventCountry "DEN"]
[SourceTitle "playchess.com"]
[Source "ChessBase"]
[SourceQuality "1"]

{[%evp 20,60,6,13,46,15,30,0,8,0,0,0,5,-38,-40,-41,-35,-71,-63,-118,-100,-114,-112,-157,-158,-152,-144,-157,-139,-231,-235,-895,-893,-1083,-884,-1818,-1608,-2466,-2468,-2467,-2466,-2037,-1956]} 1. c4 e5 2. Nc3 Nf6 3. Nf3 Nc6 4. g3 Bb4 5. Bg2 O-O 6. O-O e4 7. Ng5 {[%cal Bf3g5,Bg5h3,Bh3f4][%mdl 32]} Bxc3 8. dxc3 Re8 9. Qc2 Qe7 10. Nh3 h6 {A29: English Opening: Four Knights Variation with 4 g3} 11. Nf4 {LiveBook: 7 Games} Qc5 12. b3 g5 {The position is equal.} 13. Be3 (13. Nd5 $5 Nxd5 14. cxd5 Qxd5 15. c4 $11) 13... Qe5 14. Nd5 Nxd5 15. cxd5 Qxd5 16. f3 $146 ({Predecessor:} 16. c4 Qe6 17. c5 b6 18. Rfd1 {½-½ (41) Raicevic,I (2321)-Djukic,S (2112) Nisa 2003}) 16... exf3 17. Bxf3 Qe5 18. Bf2 d6 19. Rad1 (19. g4 $15) 19... Bf5 20. Qc1 Be4 21. Bh5 {[#] Threatens to win with Bd4.} Qe6 {White must now prevent ...Qh3.} 22. Bd4 Re7 $36 {[%mdl 2048] ...Qh3 is the strong threat. Black is on the roll.} 23. Rf2 Qh3 24. g4 (24. Bf3 $17) 24... f5 $19 25. Rd3 $2 {[#]} (25. Qe3 Qxe3 26. Bxe3) 25... Bxd3 {Black is clearly winning.} 26. exd3 Nxd4 27. cxd4 fxg4 28. Bg6 g3 29. hxg3 Qxg3+ 30. Kf1 Rf8 {Precision: White = 29%, Black = 64%.} 0-1

[Event "DEN-chT XtraCon 2018-19"]
[Site "Denmark"]
[Date "2018.10.27"]
[Round "1"]
[White "Borge, Nikolaj"]
[Black "Matthiesen, Martin"]
[Result "1/2-1/2"]
[WhiteElo "2385"]
[BlackElo "2286"]
[Annotator "NA"]
[PlyCount "167"]
[EventDate "2018.10.27"]
[EventType "team-tourn"]
[EventCountry "DEN"]
[SourceTitle "playchess.com"]
[Source "ChessBase"]
[SourceQuality "1"]
[TimeControl "40/5400+30:1800+30"]

1. e4 {[%emt 0:00:00]} e5 {[%emt 0:00:00]} 2. Nf3 {[%emt 0:00:00]} Nc6 {[%emt 0:00:00]} 3. d4 {[%emt 0:04:41]} exd4 {[%emt 0:00:11]} 4. Nxd4 {[%emt 0:00:02]} g6 {[%emt 0:04:10]} 5. Nxc6 {[%emt 0:09:03]} bxc6 {[%emt 0:00:41]} 6. h4 {[%emt 0:05:48]} h6 {[%emt 0:18:49]} 7. Be3 {[%emt 0:09:54]} Bg7 {[%emt 0:02:49]} 8. Bd4 {[%emt 0:01:05]} Nf6 {[%emt 0:04:40]} 9. e5 {[%emt 0:15:00]} Nd5 {[%emt 0:02:31]} 10. c4 {[%emt 0:04:10]} Ne7 {[%emt 0:08:47]} 11. e6 {[%emt 0:07:52]} Bxd4 {[%emt 0:07:02]} 12. Qxd4 {[%emt 0:03:03]} O-O {[%emt 0:00:13]} 13. exf7+ {[%emt 0:03:50]} Rxf7 {[%emt 0:00:32]} 14. Nc3 {[%emt 0:03:09]} Nf5 {[%emt 0:11:12]} 15. Qd2 {[%emt 0:02:42]} Qe7+ {[%emt 0:21:26]} 16. Be2 {[%emt 0:01:24]} Rb8 {[%emt 0:05:46]} 17. O-O-O {[%emt 0:11:41]} Qb4 {[%emt 0:01:37]} 18. Qc2 {[%emt 0:04:09]} Ba6 {[%emt 0:02:15]} 19. g4 {[%emt 0:01:59]} Nd6 {[%emt 0:03:14]} 20. a3 {[%emt 0:02:31]} Qb3 {[%emt 0:01:03]} 21. Qxg6+ {[%emt 0:04:36]} Rg7 {[%emt 0:00:10]} 22. Qc2 {[%emt 0:00:01]} Qxc2+ {[%emt 0:00:54]} 23. Kxc2 {[%emt 0:00:03]} Bxc4 {[%emt 0:00:19]} 24. Rd4 {[%emt 0:01:10]} Bxe2 {[%emt 0:00:54]} 25. Nxe2 {[%emt 0:00:01]} Rf8 {[%emt 0:00:23]} 26. Rh2 {[%emt 0:00:40]} Rf3 {[%emt 0:00:44]} 27. Ng3 {[%emt 0:01:25]} Rgf7 {[%emt 0:01:47]} 28. Rd2 {[%emt 0:00:34]} R7f4 {[%emt 0:00:30]} 29. g5 {[%emt 0:00:34]} hxg5 {[%emt 0:00:25]} 30. hxg5 {[%emt 0:00:01]} Rg4 {[%emt 0:00:39]} 31. Rh5 {[%emt 0:01:32]} Nf7 {[%emt 0:00:41]} 32. g6 {[%emt 0:00:48]} Rxg6 {[%emt 0:00:43]} 33. Nf5 {[%emt 0:00:06]} Rf6 {[%emt 0:00:24]} 34. Ne7+ {[%emt 0:00:32]} Kf8 {[%emt 0:00:25]} 35. Rxd7 {[%emt 0:00:10]} Rxf2+ {[%emt 0:00:11]} 36. Kb3 {[%emt 0:00:09]} c5 {[%emt 0:00:43]} 37. Nd5 {[%emt 0:01:14]} R6f3+ {[%emt 0:00:21]} 38. Ka2 {[%emt 0:01:50]} c6 {[%emt 0:00:56]} 39. Nc7 {[%emt 0:00:33]} c4 {[%emt 0:00:35]} 40. Ne6+ {[%emt 0:01:09]} Ke8 {[%emt 0:00:20]} 41. Rc7 {[%emt 0:08:55]} Re3 {[%emt 0:05:14]} 42. Ng7+ {[%emt 0:01:39]} Kd8 {[%emt 0:08:17]} 43. Rxc6 {[%emt 0:02:45]} Ne5 {[%emt 0:12:31]} 44. Rd6+ {[%emt 0:01:14]} Kc7 {[%emt 0:01:07]} 45. Ne8+ {[%emt 0:03:09]} Kc8 {[%emt 0:01:27]} 46. Rh7 {[%emt 0:06:55]} Nf7 {[%emt 0:00:39]} 47. Rf6 {[%emt 0:04:41]} Rxf6 {[%emt 0:00:19]} 48. Nxf6 {[%emt 0:00:02]} Nd6 {[%emt 0:01:16]} 49. Rxa7 {[%emt 0:01:18]} Nb5 {[%emt 0:03:02]} 50. Nd5 {[%emt 0:02:45]} Rd3 {[%emt 0:01:00]} 51. Ne7+ {[%emt 0:01:30]} Kd8 {[%emt 0:00:13]} 52. Nc6+ {[%emt 0:00:03]} Kc8 {[%emt 0:01:00]} 53. Ne7+ {[%emt 0:00:02]} Kd8 {[%emt 0:00:06]} 54. Nc6+ {[%emt 0:00:02]} Kc8 {[%emt 0:00:06]} 55. Ra5 {[%emt 0:00:30]} Nd6 {[%emt 0:00:51]} 56. Ne5 {[%emt 0:01:30]} Rd4 {[%emt 0:00:01]} 57. Rc5+ {[%emt 0:00:38]} Kb7 {[%emt 0:00:32]} 58. a4 {[%emt 0:00:15]} c3 {[%emt 0:01:20]} 59. bxc3 {[%emt 0:01:41]} Rxa4+ {[%emt 0:00:03]} 60. Kb3 {[%emt 0:00:01]} Rh4 {[%emt 0:00:32]} 61. Rd5 {[%emt 0:00:16]} Kc7 {[%emt 0:00:18]} 62. Nf3 {[%emt 0:00:19]} Rh1 {[%emt 0:00:31]} 63. Nd4 {[%emt 0:00:26]} Rb1+ {[%emt 0:00:09]} 64. Kc2 {[%emt 0:00:08]} Rh1 {[%emt 0:00:09]} 65. Kb2 {[%emt 0:00:13]} Rg1 {[%emt 0:00:07]} 66. Rc5+ {[%emt 0:00:13]} Kd7 {[%emt 0:00:47]} 67. Nf3 {[%emt 0:00:21]} Rh1 {[%emt 0:00:21]} 68. Ne5+ {[%emt 0:00:16]} Ke6 {[%emt 0:00:05]} 69. Nd3 {[%emt 0:00:17]} Kd7 {[%emt 0:00:34]} 70. Rg5 {[%emt 0:00:18]} Kc7 {[%emt 0:00:47]} 71. Rg7+ {[%emt 0:00:27]} Kb6 {[%emt 0:00:39]} 72. Rg6 {[%emt 0:00:12]} Kc6 {[%emt 0:00:30]} 73. Nf2 {[%emt 0:01:16]} Rh2 {[%emt 0:00:15]} 74. Rf6 {[%emt 0:00:04]} Kd5 {[%emt 0:01:05]} 75. Kb3 {[%emt 0:00:12]} Rg2 {[%emt 0:00:14]} 76. Nd3 {[%emt 0:00:58]} Rg1 {[%emt 0:01:24]} 77. Nb4+ {[%emt 0:00:27]} Ke5 {[%emt 0:00:25]} 78. Rh6 {[%emt 0:00:37]} Ne4 {[%emt 0:00:53]} 79. Nd3+ {[%emt 0:00:58]} Kd5 {[%emt 0:00:39]} 80. c4+ {[%emt 0:01:52]} Kd4 {[%emt 0:00:25]} 81. Nf4 {[%emt 0:00:07]} Nc5+ {[%emt 0:00:37]} 82. Kc2 {[%emt 0:00:14]} Kxc4 {[%emt 0:00:23]} 83. Rh4 {[%emt 0:00:22]} Kb5 {[%emt 0:00:09]} 84. Ne2 {[%emt 0:00:22]} 1/2-1/2

[Event "DEN-chT XtraCon 2018-19"]
[Site "Denmark"]
[Date "2018.10.27"]
[Round "1"]
[White "Hansen, Mads"]
[Black "Vesterli, Michael E."]
[Result "1-0"]
[WhiteElo "2385"]
[BlackElo "2169"]
[Annotator "NA"]
[PlyCount "63"]
[EventDate "2018.10.27"]
[EventType "team-tourn"]
[EventCountry "DEN"]
[SourceTitle "playchess.com"]
[Source "ChessBase"]
[SourceQuality "1"]
[TimeControl "40/5400+30:1800+30"]

1. e4 {[%emt 0:00:00]} c5 {[%emt 0:00:00]} 2. Nf3 {[%emt 0:00:00]} d6 {[%emt 0:00:00]} 3. Bc4 {[%emt 0:00:23]} e6 {[%emt 0:00:06]} 4. O-O {[%emt 0:01:01]} Nc6 {[%emt 0:01:37]} 5. Re1 {[%emt 0:01:42]} Be7 {[%emt 0:01:49]} 6. Bb3 {[%emt 0:02:48]} Nf6 {[%emt 0:02:56]} 7. c3 {[%emt 0:00:20]} O-O {[%emt 0:03:44]} 8. d3 {[%emt 0:04:25]} Qc7 {[%emt 0:04:21]} 9. Nbd2 {[%emt 0:01:41]} Ne5 {[%emt 0:09:21]} 10. Bc2 {[%emt 0:09:46]} Bd7 {[%emt 0:05:39]} 11. d4 {[%emt 0:12:34]} cxd4 {[%emt 0:00:47]} 12. cxd4 {[%emt 0:00:05]} Nxf3+ {[%emt 0:00:33]} 13. Nxf3 {[%emt 0:00:05]} Rac8 {[%emt 0:01:26]} 14. Bd3 {[%emt 0:02:30]} e5 {[%emt 0:04:28]} 15. h3 {[%emt 0:01:09]} Rfd8 {[%emt 0:10:23]} 16. Bd2 {[%emt 0:05:39]} d5 {[%emt 0:20:51]} 17. exd5 {[%emt 0:10:42]} e4 {[%emt 0:00:18]} 18. Bxe4 {[%emt 0:14:35]} Nxe4 {[%emt 0:00:28]} 19. Rxe4 {[%emt 0:00:04]} Bf5 {[%emt 0:01:40]} 20. Bf4 {[%emt 0:04:18]} Bd6 {[%emt 0:05:19]} 21. Bxd6 {[%emt 0:00:51]} Qxd6 {[%emt 0:00:17]} 22. Re5 {[%emt 0:01:14]} Bc2 {[%emt 0:00:15]} 23. Qe2 {[%emt 0:07:19]} f6 {[%emt 0:01:35]} 24. Re7 {[%emt 0:00:07]} Qxd5 {[%emt 0:01:09]} 25. Re1 {[%emt 0:00:28]} Ba4 {[%emt 0:02:37]} 26. Qe3 {[%emt 0:05:57]} Bc6 {[%emt 0:02:18]} 27. Qf4 {[%emt 0:02:15]} Qh5 {[%emt 0:09:19]} 28. Nh4 {[%emt 0:00:08]} Rd5 {[%emt 0:00:42]} 29. R1e3 {[%emt 0:06:23]} Qd1+ {[%emt 0:02:24]} 30. Kh2 {[%emt 0:00:01]} Qxd4 {[%emt 0:00:20]} 31. R3e4 {[%emt 0:03:16]} Qc5 {[%emt 0:01:17]} 32. Qg4 {[%emt 0:00:18]} 1-0

[Event "DEN-chT XtraCon 2018-19"]
[Site "Denmark"]
[Date "2018.10.27"]
[Round "1"]
[White "Hagen, Andreas Skytte"]
[Black "Kristensen, Leif"]
[Result "1/2-1/2"]
[WhiteElo "2377"]
[BlackElo "2304"]
[Annotator "TA"]
[PlyCount "74"]
[EventDate "2018.10.27"]
[EventType "team-tourn"]
[EventCountry "DEN"]
[SourceTitle "playchess.com"]
[Source "ChessBase"]
[SourceQuality "1"]

{[%evp 19,74,27,79,78,271,263,390,401,355,365,427,249,298,285,286,245,248,206,391,131,144,125,123,56,50,48,167,0,181,81,102,106,188,0,232,220,222,219,233,220,228,216,259,211,293,268,309,217,174,0,0,0,0,0,0,0,0]} 1. e4 g6 2. d4 Bg7 3. Nc3 d6 4. f4 a6 5. Nf3 b5 6. Bd3 {[%cal Bf1d3,Bd3e4,Be4c6][%mdl 32]} Nd7 7. e5 c5 {B06: Modern Defence} 8. Be4 Rb8 9. O-O (9. Be3 b4 10. Ne2 Nh6 11. dxc5 Nxc5 12. Bxc5 dxc5 13. Bc6+ Bd7 14. Qd5 Rc8 15. Bxd7+ Qxd7 16. Qxd7+ Kxd7 {1-0 (41) Yu,Y (2760)-Adhiban,B (2655) chess.com INT 2018}) 9... Nh6 10. exd6 exd6 {LiveBook: 3 Games} (10... O-O $11 {keeps the balance.}) 11. f5 $1 $16 {Black must now prevent Bg5.} gxf5 $146 (11... O-O $16) ({Predecessor:} 11... cxd4 12. Nxd4 Qb6 13. Be3 Ng4 14. Qxg4 Bxd4 15. Bxd4 Qxd4+ {1-0 (28) Jarmula,L (2444)-Stefanova,A (2512) Warsaw 2017}) 12. Bg5 $18 (12. Bxh6 Bxh6 13. Bxf5 O-O $16) 12... Qa5 (12... f6 {was called for.}) 13. Bc6 O-O 14. Nd5 Kh8 15. Be7 (15. a4 $142 b4 16. Nd2) 15... Bb7 16. Bxb7 ({Much less strong is} 16. Bxd7 $6 Bxd5 17. Bxf8 (17. Bxd6 cxd4 18. Nh4 Qb6 $11) (17. dxc5 Bxf3 18. Qxf3 dxc5 $16) 17... Rxf8 $16) 16... Rxb7 17. Bxd6 cxd4 18. Nxd4 Re8 $2 (18... Rc8 {might work better.} 19. Nxf5 Nxf5 20. Rxf5 Nf8) 19. c3 $2 (19. Nc6 $18 {is the precise move to win.} Qa4 20. Bf4) 19... Qd8 $16 20. Nc6 Qa8 21. Na5 ({Better is} 21. Bf4 $16) 21... Ra7 $14 22. Kh1 {Strongly threatening Nc7.} Be5 (22... Ng4 $14) 23. Bxe5+ $2 (23. Ne7 $1 $18) 23... Rxe5 $2 (23... Nxe5 $11 {and Black is okay.} 24. Nb6 Qb8) 24. Nf4 (24. Qd4 $18) 24... Ng4 25. Qd6 $36 {[%mdl 2048] And now Nc6 would win. White is in control.} Ndf6 (25... Nc5 $16) 26. Nc6 $2 ({Only move:} 26. h3 $1 $18 {[%cal Rh3g4]} Rd7 27. Qc6 Qxc6 28. Nxc6) 26... Ne4 $2 (26... Rd7 $1 $11 27. Nxe5 Rxd6 28. Nxf7+ Kg8 29. Nxd6 Qa7) 27. Qd4 $18 Qxc6 28. Qxa7 Qh6 {[%csl Gg4][%cal Rh6h2] [#]} 29. Nh3 $1 Kg7 {[#]} 30. Qd4 $1 Qh5 31. Rf4 f6 32. Raf1 Kh6 33. Kg1 Ng5 34. Rxf5 $2 (34. b3 $18) 34... Rxf5 $11 {The position is equal.} 35. Rxf5 Nxh3+ 36. gxh3 Qxf5 37. hxg4 Qb1+ {Precision: White = 46%, Black = 25%.} 1/2-1/2

[Event "DEN-chT XtraCon 2018-19"]
[Site "Denmark"]
[Date "2018.10.28"]
[Round "1"]
[White "Kristensen, Kaare Hove"]
[Black "Jensen, Bjarke"]
[Result "1/2-1/2"]
[WhiteElo "2347"]
[BlackElo "2311"]
[Annotator "TA"]
[PlyCount "83"]
[EventDate "2018.10.27"]
[EventType "team-tourn"]
[EventCountry "DEN"]
[SourceTitle "playchess.com"]
[Source "ChessBase"]
[SourceQuality "1"]

{[%evp 18,83,37,26,70,44,32,33,78,64,73,63,73,61,61,64,71,49,49,42,49,0,0,0,0,-15,0,0,0,-7,-7,-26,0,0,0,-15,0,0,0,0,0,0,1,0,0,0,0,0,0,-14,-20,-40,-33,-33,-33,-44,0,0,0,0,0,0,0,0,0,0,0,0]} 1. e4 c6 2. d4 d5 3. exd5 cxd5 4. Bd3 Nc6 5. c3 Nf6 6. Bf4 Bg4 7. Qb3 Na5 8. Qa4+ Bd7 9. Qc2 Qb6 10. Nf3 {LiveBook: 8 Partien} Nc6 $146 {B13: Caro-Kann (Abtausch-Variante 4.c4)} ({Vorgänger:} 10... e6 11. O-O Bb5 12. Bxb5+ Qxb5 13. Nbd2 Be7 14. a4 Qc6 15. Ne5 Qc8 16. h3 O-O 17. Qd3 Nc6 18. Rfe1 Nxe5 19. Bxe5 {½-½ (64) Garnier,R (2202)-Valerga,D (2450) Buenos Aires 2018}) 11. Ne5 Nxe5 12. dxe5 Nh5 {Weiß steht etwas besser.} 13. Be3 Qc7 14. f4 g6 15. O-O e6 16. Qf2 Ng7 17. Kh1 b6 18. Nd2 Nf5 19. c4 dxc4 20. Nxc4 Bc6 21. Rac1 Qb7 22. Rfd1 Nxe3 23. Nxe3 Bc5 24. Bf1 (24. Qe2 {keeps more tension.} Rd8 25. Ng4 O-O 26. Nf6+ Kg7 27. Be4) 24... Bxe3 25. Qxe3 {[#] Und weiter mit Da3 wäre nett.} O-O 26. h4 {[%cal Bh2h4,Bh4h5][%mdl 32]} Bd5 27. a3 Rac8 28. h5 Rxc1 29. Rxc1 Rc8 30. Kh2 Rxc1 31. Qxc1 Qe7 32. Kh3 gxh5 33. Qc3 Be4 34. Bd3 Qb7 35. Qc2 Bg6 36. Qd1 Qd5 (36... Kg7 {seems wilder.} 37. Be2 Qe4 38. Qd2 h6 39. Bf3 Qc4) 37. Be2 {Die Stellung ist ausgeglichen.} Qxd1 (37... f6 {with more complications.} 38. Bf3 Qxd1 39. Bxd1 Kg7 40. g3 Bf5+) 38. Bxd1 Kg7 39. Kh4 f6 40. Bxh5 Bxh5 41. Kxh5 f5 42. a4 {Precision: Weiß = 53%, Schwarz = 72%.} 1/2-1/2